| 000 | 01492nam a2200241Ia 4500 | ||
|---|---|---|---|
| 003 | PE SENCICO BE | ||
| 005 | 20251020182427.0 | ||
| 008 | 200515s9999 xx 000 0 und d | ||
| 020 | _a84-01-37510-X | ||
| 040 |
_aPE SENCICO BE _cPE SENCICO BE |
||
| 041 | _aspa | ||
| 082 | _a355.02 | ||
| 100 | 1 |
_aToffler, Alvin _92311 _eautor |
|
| 245 | 1 | 0 |
_aLas guerras del futuro / _cAlvin Toffler, Heidi Toffler |
| 260 |
_aBarcelona : _bPlaza & Janés ; _c1994 |
||
| 300 |
_a387 p. : _c21 cm. |
||
| 505 | 0 | _aEncuentro inesperado -- El final del éxtasis -- Choque de civilizaciones -- La premisa revolucionaria -- La guerra de la primera ola -- La guerra de la segunda ola -- El combate aeroterrestre -- Nuestro modo de crear riqueza -- La guerra de la tercera ola -- Una colisión de formas bélicas -- Guerras autónomas -- Guerras espaciales -- Guerras de robots -- Sueños de Da Vinci -- ¿Guerra incruenta? -- Los guerreros del saber -- El futuro del espía -- El giro -- Arados en espadas -- El genio suelto -- La zona de ilusión -- Un mundo trisecado -- Sobre las formas de la paz -- La próxima forma de la paz -- El sistema global del siglo XXI. | |
| 520 | 3 | _aEs una obra polémica y brillante, cuyos análisis y propuestas la convierten en un libro imprescindible para comprender las profundas transformaciones que nos depara el nuevo siglo. | |
| 650 | 1 | 0 |
_aCiencia militar _92312 |
| 650 | 2 | 0 |
_aGuerra y sociedad _92313 |
| 700 | 1 |
_92314 _aToffler, Heidi _eautor |
|
| 942 |
_cLIB _2ddc |
||
| 999 |
_c141 _d141 |
||